000 01329nam0a2200325 4500
001 RU\NLR\bibl\1723768
005 20260405102728.0
010 _a978-5-87309-956-6
_9500
021 _aRU
_b2010-98616
_96653
035 _a(NLR Aleph) 001714748
090 _a1302351
_c1302351
100 _a20110118d2010 |||y0rusy50 ca
101 0 _arus
102 _aRU
105 _aa |||||||||
200 1 _aУправленческий потенциал эмоций в социальных отношениях
_fМ.Ю. Горбунова
_gМ-во образования и науки Рос. Федерации, Сарат. гос. соц.-экон. ун-т
210 _aСаратов
_cСаратовский государственный социально-экономическй университет
_d2010
215 _a179, [1] с.
_d21
320 _aБиблиогр. в примеч. в конце гл.
606 1 _aЭмоции социальные
_91924285
_3RU\NLR\auth\661166735
686 _aС581
686 _aЮ935.213.1
700 1 _4070
_8rus
_7ca
_aГорбунова
_bМ. Ю.
_f1972-
_gМарина Юрьевна
_3RU\NLR\AUTH\7738435
_921419
801 0 _aRU
_bNLR
_c20110118
_gRCR
801 1 _aRU
_bNLR
_c20110118
942 _cBOOK
980 _aNB
980 _aNBR